000 00397nam a22001697a 4500
003 OSt
005 20230311065331.0
008 230311b |||||||| |||| 00| 0 eng d
040 _aSEKU
050 _aTK 5981
_b.K54
100 _aKleiner Mendel
245 _aElectroacoustics
260 _aLondon:
_bCRC Press
_c2013
300 _a596p.:
_bill.
650 _aElectro-cioustics
942 _2lcc
_cGEN
999 _c18269
_d18269